000 00859nam a2200253 4500
010 _aA-946215
020 _a0761992413
020 _a817036695
_c475.00
035 _aA-946215
037 _bCen Lib / Ret
040 _aDPL
_bEN
082 _a306.44
_bKRI
100 _aKrishnamurti, B. H.
245 _aLanguage, education and society /
_cby B. H. Krishnamurti
260 _aNew Delhi
_bSage Publications,
_c1998
270 _a32-M, Block Market, Greater Kailash I
_bNew Delhi
_e110048
300 _a(v 7. 327p)
_b24cm(HB)
490 _aLanguage and development (New Delhi, India)
_vv 7
505 _av.7 Language and deelopment
650 _aTelugu language -- Dialects -- Social aspects -- India.
650 _aTelugu language -- Lexicography.
650 _aIndia -- Languages -- Variation.
942 _2ddc
_cEN
_h306.44
_mKHI
999 _c136732
_d136732